1424 1505 1845 1199 1066 1999 1088 1358 1116 1183 1592 1390 1913 1144 1628 1546 1456 1981 1317 1361 1600 1146 1135 1614 1481 1568 1125 1166 1778 1034 1041 1458 1632 1798 1617 1332 1518 1905 1983 1906 1316 1537 1430 1480 1012 1613 1095 1551 1508 1676 1507 1342 1485 1678 1765 1931 1055 1523 1170 1693 1519 1237 1377 1341 1138 1010 1023 1670 1599 1977 1932 1445 1375 1473 1972 1729 1472 1103 1755 1734 1462 1538 1097 1995 1557 1060 1878 1476 1473 1798 1115 1934 1493 1436 1482 1141 1916 1429 1888 BCNSPRNW ULIB Ver.6.0+V

เปลี่ยนเป็นภาษาไทย

Change to English
 แสดงรายละเอียดบรรณานุกรม
  กลับหน้าหลัก

Brief Record : Get Marc (ISO 2709) : E-mail record : QR code < ปิดหน้าต่าง
LEADER : 00000nam 2200000uu 4500
001    13399111018
003     ULIB
008    110615s||||||||th 000 0 tha d
020    9789749869635
050 04 AG196^bน625W 2549
100 0  นิภาพัชร์ ปิ่นสุวรรณ
245 10 Where? รู้รอบสถานที่มหัศจรรย์ของโลก /^cนิภาพัชร์ ปิ่นสุวรรณ
250    พิมพ์ครั้งที่ 1
260    กรุงเทพฯ :^bอักษรเจริญทัศน์,^c2549
300    191 หน้า :^bภาพประกอบ
440  0 หนังสือเสริมการเรียนรู้ ชุด สรรพ์สาระของโลก
650  7 โลก^xภูมิประเทศและการท่องเที่ยว
650  7 ความรู้ทั่วไป
945    ^p170^l0^i020592
995    ทศพร
999 ^a ใช้งานได้ทุกระบบ
รายการนี้ยังไม่มีแท็ก
คุณยังไม่ได้ล็อกอิน คุณสามารถมีกิจกรรมร่วมกับเว็บไซต์ได้ แต่ต้องล็อกอินก่อน ::
  ล็อกอิน

รายการสื่อสารสนเทศ

ลำดับที่ ประเภท เลขเรียก/บาร์โค้ด สถานที่ สถานะ
- ไม่พบข้อมูล -

รายการใกล้เคียง
    ผู้แต่ง [นิภาพัชร์ ปิ่นสุวรรณ]

    หัวเรื่อง [ความรู้ทั่วไป]

BibComment


ยังไม่เคยถูกคอมเมนท์

คอมเมนท์ทรัพยากรรายการนี้
  คอมเมนท์: Where รู้รอบสถานท..


 Copyright 2026. Bcnsprnw @Library